[Event "EU-chT 23rd"]
[Site "Terme Catez"]
[Date "2021.11.14"]
[Round "3.11"]
[White "Bjerre, Jonas Buhl"]
[Black "Petenyi, Tamas"]
[Result "1-0"]
[WhiteElo "2569"]
[BlackElo "2458"]
[PlyCount "99"]
[EventDate "2021.11.12"]
[EventType "team-swiss"]
[EventRounds "9"]
[EventCountry "SLO"]
[SourceTitle "CBM 205"]
[Source "ChessBase"]
[SourceDate "2021.12.31"]
[SourceVersion "1"]
[SourceVersionDate "2021.12.31"]
[SourceQuality "1"]
[WhiteTeam "Denmark"]
[BlackTeam "Slovakia"]
[WhiteTeamCountry "DEN"]
[BlackTeamCountry "SVK"]

1. e4 Nc6 2. Nf3 d6 3. d4 Nf6 4. Nc3 g6 5. Be3 Bg7 6. Qd2 Bg4 7. h4 Bxf3 8. gxf3 e5 9. dxe5 dxe5 10. 0-0-0 Qxd2+ 11. Rxd2 a6 12. Bc4 Nd4 13. f4 Ng4 14. Nd5 0-0-0 15. c3 Nxe3 16. fxe3 Ne6 17. h5 exf4 18. exf4 Bh6 19. hxg6 hxg6 20. Rdh2 Bg7 21. f5 Rxh2 22. Rxh2 gxf5 23. exf5 Ng5 24. f6 Bf8 25. Rh5 c6 26. Ne3 Bd6 27. Rxg5 Bf4 28. Rg7 Bxe3+ 29. Kc2 Rd6 30. Rxf7 Bh6 31. Bd3 Kb8 32. Bf5 c5 33. Be4 c4 34. a4 Re6 35. Rxb7+ Kc8 36. Bf5 Kxb7 37. Bxe6 Kb6 38. Bxc4 a5 39. Kd3 Kc5 40. f7 Bf8 41. Ba2 Bg7 42. Bb3 Bf8 43. Ke4 Kd6 44. Kf5 Bg7 45. Kg6 Bf8 46. Kh7 Ke7 47. Kg8 Bh6 48. Bc4 Bf8 49. b4 axb4 50. cxb4 1-0

[Event "EU-chT 23rd"]
[Site "Terme Catez"]
[Date "2021.11.12"]
[Round "1.9"]
[White "Petenyi, Tamas"]
[Black "Bluebaum, Matthias"]
[Result "1/2-1/2"]
[WhiteElo "2458"]
[BlackElo "2647"]
[PlyCount "79"]
[EventDate "2021.11.12"]
[EventType "team-swiss"]
[EventRounds "9"]
[EventCountry "SLO"]
[SourceTitle "CBM 205"]
[Source "ChessBase"]
[SourceDate "2021.12.31"]
[SourceVersion "1"]
[SourceVersionDate "2021.12.31"]
[SourceQuality "1"]
[WhiteTeam "Slovakia"]
[BlackTeam "Germany"]
[WhiteTeamCountry "SVK"]
[BlackTeamCountry "GER"]

1. e4 e6 2. d4 d5 3. Nd2 c5 4. exd5 Qxd5 5. dxc5 Nf6 6. Ngf3 Qxc5 7. Bd3 Nbd7 8. 0-0 Qc7 9. Qe2 Nc5 10. Bb5+ Bd7 11. Ne5 Bxb5 12. Qxb5+ Ncd7 13. Nxd7 Qxd7 14. Qxd7+ Nxd7 15. Nf3 Rc8 16. c3 Nb6 17. Be3 Bc5 18. Bxc5 Rxc5 19. Rfd1 Ke7 20. Rac1 Rhc8 21. Rc2 Nd5 22. Rcd2 b5 23. g3 Nb6 24. Nd4 Nc4 25. Re2 a6 26. f4 g6 27. Nf3 h6 28. Kg2 R8c7 29. h3 Rb7 30. g4 a5 31. Kg3 Nd6 32. Rd4 b4 33. cxb4 Rxb4 34. Rxb4 axb4 35. Ne5 Rc1 36. Nd3 Rc4 37. Ne5 Rc8 38. Nd3 Rc4 39. Ne5 Rc8 40. Nd3 1/2-1/2